Statistics for Asian City to World Capital

Click here to take the quiz!

General Stats

  • This quiz has been taken 114 times
  • The average score is 12 of 27

Answer Stats

CityCAPITALCountry% Correct
GuangzhouBeijingChina
100%
Ho Chi MinhHanoiVietnam
97%
İstanbulAnkaraTurkey
87%
DubaiAbu DhabiUAE
82%
ChennaiNew DelhiIndia
81%
LahoreIslamabadPakistan
76%
BusanSeoulSouth Korea
74%
AleppoDamascusSyria
73%
MedinaRiyadhSaudi Arabia
68%
Davao CityManilaPhilippines
64%
SurabayaJakartaIndonesia
59%
Tainan CityTaipeiTaiwan
49%
Pak KretBangkokThailand
42%
Al BasrahBaghdadIraq
37%
SamarkandTashkentUzbekistan
37%
George TownKuala LumpurMalaysia
25%
KarajTehranIran
22%
Ta`izzSana'aYemen
16%
KaragandyAstanaKazakhstan
14%
QabalaBakuAzerbaijan
14%
GyumriYerevanArmenia
13%
ErdenetUlaanbaatarMongolia
10%
QŭrghonteppaDushanbeTajikistan
9%
RiffaManamaBahrain
9%
PatanKathmanduNepal
5%
KulhudhuffushiMaléMaldives
5%
PhuntsholingThimphuBhutan
4%

Score Distribution

Percentile by Number Answered

Percent of People with Each Score

Your Score History

You have not taken this quiz